| 000 | 03743cam a2200433 i 4500 | ||
|---|---|---|---|
| 001 | 22205256 | ||
| 003 | BJBSDDR | ||
| 005 | 20260417140505.0 | ||
| 007 | ta | ||
| 008 | 210713s2021 fr b 001 0 fre | ||
| 010 | _a 2021397381 | ||
| 020 | _a9782406111276 (paperback) | ||
| 020 | _a240611127X (paperback) | ||
| 035 | _a22205256 | ||
| 035 | _a(Fr-PaAMA)AAL0877617-0001 | ||
| 040 |
_aDLC _bfre _cDLC _erda |
||
| 041 | _afre | ||
| 042 | _apcc | ||
| 050 | 1 | 4 |
_aK 371 _bD413c 2021 |
| 100 | 1 |
_aDenquin, Jean-Marie, _d1947- _944355 |
|
| 245 | 1 | 4 |
_aLes concepts juridiques : _bcomment le droit rencontre le monde / _cJean-Marie Denquin. |
| 264 | 1 |
_aParis : _bClassiques Garnier, _c2021. |
|
| 300 |
_a457 pages ; _c22 cm. |
||
| 336 |
_atext _btxt _2rdacontent |
||
| 337 |
_aunmediated _bn _2rdamedia |
||
| 338 |
_avolume _bnc _2rdacarrier |
||
| 490 | 1 |
_aBibliothèque de la pensée juridique, _x2115-2942 ; _v16 |
|
| 504 | _aIncludes bibliographical references and index. | ||
| 520 | _aLe droit est un discours qui parle du monde. Il ne vise pas à l'expliquer mais à le transformer. Les concepts juridiques, opérateurs de ce programme, ne sont pas des objets abstraits, comme le vol ou la propriété, mais des relations que les propositions normatives posent entre un antécédent, souhaité ou prohibé, et un conséquent, dissuasif ou incitatif. La règle étant par nature générale, des juges sont nécessaires pour qu'elle atteigne les cas individuels. L'application du droit est donc possible, mais ni automatique ni immédiate, d'où ses équivoques et ses impasses. Le droit n'est pas la Justice, idéal subjectif, mais seulement un moyen, imparfait mais accessible, de réguler, autant que faire se peut, les rapports entre les êtres humains."--Page 4 de la couverture. | ||
| 650 | 0 | _aSociological jurisprudence. | |
| 650 | 4 |
_aJurisprudencia sociológica _932601 |
|
| 650 | 0 |
_aLaw _xPhilosophy. |
|
| 650 | 4 |
_aFilosofía del derecho _93385 |
|
| 830 | 0 |
_aBibliothèque de la pensée juridique, _948000 _v16 |
|
| 906 |
_a7 _bcbc _corigres _d2 _encip _f20 _gy-gencatlg |
||
| 942 |
_2lcc _cBK |
||
| 946 | _irmza | ||
| 999 |
_c124808 _d124808 |
||